[Event "Rottach Egern Seniors Cup 12th"]
[Site "Rottach Egern"]
[Date "2024.04.08"]
[Round "3"]
[White "Wolf, Richard"]
[Black "Heck, Norbert"]
[Result "1/2-1/2"]
[WhiteElo "1944"]
[BlackElo "2100"]
[PlyCount "30"]
[EventDate "2024.04.06"]
[EventType "swiss"]
[EventRounds "9"]
[EventCountry "GER"]
[SourceTitle "CB16_2024"]
[SourceDate "2024.04.17"]
[SourceVersion "1"]
[SourceVersionDate "2024.04.17"]
[SourceQuality "1"]

1. e4 g6 2. d4 Bg7 3. Nc3 d6 4. f4 a6 5. Nf3 b5 6. Bd3 Nd7 7. a4 b4 8. Ne2 Bb7 9. 0-0 c5 10. c3 cxd4 11. cxd4 Qb6 12. a5 Qa7 13. Kh1 Ngf6 14. Ng3 0-0 15. Bd2 d5 1/2-1/2

[Event "Bad Woerishofen Seniors op 39th"]
[Site "Bad Woerishofen"]
[Date "2024.03.12"]
[Round "5"]
[White "Okrajek, Alexander"]
[Black "Heck, Norbert"]
[Result "1/2-1/2"]
[WhiteElo "2128"]
[BlackElo "2047"]
[PlyCount "22"]
[EventDate "2024.03.08"]
[EventType "swiss"]
[EventRounds "9"]
[EventCountry "GER"]
[SourceTitle "CB13_2024"]
[SourceDate "2024.03.27"]
[SourceVersion "1"]
[SourceVersionDate "2024.03.27"]
[SourceQuality "1"]

1. e4 c5 2. Nf3 a6 3. d4 cxd4 4. Nxd4 Nf6 5. Nc3 e5 6. Nde2 Bc5 7. Ng3 Qb6 8. Qf3 d6 9. Nf5 Bxf5 10. exf5 Nc6 11. Bd3 Nb4 1/2-1/2

[Event "Rheinland Pfalz Seniors op"]
[Site "Altenkirchen"]
[Date "2023.09.08"]
[Round "4"]
[White "Heck, Norbert"]
[Black "Wild, Helmut"]
[Result "1-0"]
[WhiteElo "2174"]
[BlackElo "1914"]
[PlyCount "67"]
[EventDate "2023.09.05"]
[EventType "swiss"]
[EventRounds "9"]
[EventCountry "GER"]
[SourceTitle "EXT 2024"]
[Source "ChessBase"]
[SourceDate "2023.10.10"]
[SourceVersion "1"]
[SourceVersionDate "2023.10.10"]
[SourceQuality "1"]

1. Nf3 d5 2. g3 c6 3. Bg2 Bf5 4. d3 h6 5. Nbd2 Nf6 6. 0-0 e6 7. Qe1 Be7 8. e4 Bh7 9. b3 0-0 10. Bb2 a5 11. a3 b5 12. Qe2 Na6 13. Ne5 Qc7 14. f4 Rfd8 15. Kh1 c5 16. exd5 exd5 17. Rae1 Ra7 18. Ndf3 d4 19. Ng5 hxg5 20. fxg5 Rd6 21. gxf6 Bxf6 22. Nd7 Re6 23. Nxf6+ gxf6 24. Qg4+ Kh8 25. Rxe6 fxe6 26. Rxf6 Qg7 27. Qxe6 Qe7 28. Qc8+ Kg7 29. Rf1 b4 30. a4 Nc7 31. Qg4+ Bg6 32. Bxd4+ Kh6 33. Qh3+ Bh5 34. Rf6+ 1-0

[Event "Hessenliga 1921"]
[Site "Hessen"]
[Date "2021.09.04"]
[Round "8.5"]
[White "Heck, Norbert"]
[Black "Hagner, Bennet"]
[Result "1/2-1/2"]
[WhiteElo "2230"]
[BlackElo "1859"]
[PlyCount "72"]
[EventDate "2019.09.22"]
[EventType "team-tourn"]
[EventRounds "9"]
[EventCountry "GER"]
[SourceTitle "EXT 2024"]
[Source "ChessBase"]
[SourceDate "2023.10.10"]
[SourceVersion "1"]
[SourceVersionDate "2023.10.10"]
[SourceQuality "1"]
[WhiteTeam "Neuberg II"]
[BlackTeam "Frankfurt TV"]
[WhiteTeamCountry "GER"]
[BlackTeamCountry "GER"]

1. Nf3 Nf6 2. c4 c6 3. d4 d5 4. Nbd2 Bf5 5. Qb3 Qb6 6. Nh4 Qxb3 7. axb3 Bc2 8. e3 e6 9. c5 e5 10. dxe5 Nfd7 11. b4 Nxe5 12. Nhf3 Nbd7 13. Nd4 Bd3 14. Ra3 Bxf1 15. Kxf1 b6 16. f4 bxc5 17. bxc5 Bxc5 18. fxe5 Bxa3 19. bxa3 Nxe5 20. N2b3 Kd7 21. Ke2 Rhc8 22. Nc5+ Kd6 23. Nb7+ Kc7 24. Nc5 Kd6 25. Nb7+ Kc7 26. Nc5 Nd7 27. Ndb3 Nxc5 28. Nxc5 Kd6 29. Nb7+ Kc7 30. Nc5 Kb6 31. Nd7+ Kb5 32. Bd2 c5 33. Rb1+ Ka4 34. Rc1 Kb5 35. Rb1+ Ka4 36. Rc1 Kb5 1/2-1/2

[Event "Dortmund Sparkassen op 47th"]
[Site "Dortmund"]
[Date "2019.07.15"]
[Round "3"]
[White "Koellner, Christoph"]
[Black "Heck, Norbert"]
[Result "0-1"]
[WhiteElo "2091"]
[BlackElo "2211"]
[PlyCount "136"]
[EventDate "2019.07.13"]
[EventType "swiss"]
[EventRounds "9"]
[EventCountry "GER"]
[SourceTitle "EXT 2020"]
[Source "ChessBase"]
[SourceDate "2019.10.17"]
[SourceVersion "1"]
[SourceVersionDate "2019.10.17"]
[SourceQuality "1"]

1. d4 g6 2. e4 Bg7 3. Nf3 d6 4. c3 Nf6 5. Bd3 0-0 6. 0-0 c5 7. dxc5 dxc5 8. h3 Nc6 9. Qe2 Qc7 10. Na3 Rd8 11. Bg5 Be6 12. Qe3 b6 13. Bf4 Qb7 14. Ng5 Bd7 15. Bc4 Be8 16. Qe2 a6 17. Rad1 b5 18. Bd5 e6 19. Bb3 Na5 20. Bc2 b4 21. cxb4 cxb4 22. Nc4 Nxc4 23. Qxc4 Rac8 24. Qb3 h6 25. Nf3 Nxe4 26. Rxd8 Rxd8 27. Re1 Bc6 28. Qe3 Nf6 29. Bxh6 Bxf3 30. Bxg7 Kxg7 31. gxf3 Qb5 32. Rd1 Rh8 33. Kg2 Rh5 34. Rd4 e5 35. Rg4 Nd5 36. Qe4 Nf4+ 37. Rxf4 exf4 38. Qxf4 Rg5+ 39. Kh2 Qe5 40. Qxe5+ Rxe5 41. Bd3 a5 42. a4 Rd5 43. Bc4 Rd2 44. b3 Rxf2+ 45. Kg3 Rc2 46. Bd5 Rc5 47. Bb7 g5 48. Kg4 Kg6 49. Kg3 f5 50. h4 gxh4+ 51. Kxh4 Rc3 52. Bd5 Rd3 53. Bc4 Rxf3 54. Bd5 Re3 55. Bg8 Kf6 56. Bd5 Rd3 57. Bg8 Rd8 58. Bc4 Rd4+ 59. Kg3 Rxc4 60. bxc4 b3 61. c5 b2 62. c6 b1Q 63. c7 Qb7 64. c8Q Qxc8 65. Kf3 Ke5 66. Kg3 Qc3+ 67. Kh4 Kf6 68. Kh5 Qh3# 0-1

[Event "Dortmund Sparkassen op 47th"]
[Site "Dortmund"]
[Date "2019.07.14"]
[Round "2"]
[White "Heck, Norbert"]
[Black "Rohde, Patrick"]
[Result "1-0"]
[WhiteElo "2211"]
[BlackElo "1978"]
[PlyCount "101"]
[EventDate "2019.07.13"]
[EventType "swiss"]
[EventRounds "9"]
[EventCountry "GER"]
[SourceTitle "EXT 2020"]
[Source "ChessBase"]
[SourceDate "2019.10.17"]
[SourceVersion "1"]
[SourceVersionDate "2019.10.17"]
[SourceQuality "1"]

1. Nf3 Nf6 2. c4 g6 3. g3 Bg7 4. Bg2 0-0 5. 0-0 d6 6. d4 Nc6 7. Nc3 a6 8. h3 Rb8 9. Be3 Nd7 10. Rc1 e5 11. b3 h6 12. Qd2 Kh7 13. dxe5 Ndxe5 14. Nd4 f5 15. f4 Nxd4 16. Bxd4 Nc6 17. Bxg7 Kxg7 18. Nd5 Kh7 19. Qc3 Be6 20. Kh2 Rc8 21. e4 fxe4 22. Bxe4 Bxd5 23. Bxd5 Qf6 24. Qxf6 Rxf6 25. Rce1 Kg7 26. h4 Rcf8 27. Kg2 a5 28. a3 g5 29. fxg5 hxg5 30. Rxf6 Rxf6 31. hxg5 Rf5 32. Bxc6 bxc6 33. Re7+ Rf7 34. Rxf7+ Kxf7 35. b4 axb4 36. axb4 Kg6 37. Kf3 Kxg5 38. b5 c5 39. Ke4 Kg4 40. Kd5 Kxg3 41. Kc6 Kf2 42. Kxc7 d5 43. b6 dxc4 44. b7 c3 45. b8Q Ke2 46. Qb5+ Kd2 47. Qa5 Kc2 48. Kc6 Kb2 49. Qb5+ Kc1 50. Kxc5 c2 51. Kd4 1-0

[Event "Oberliga Ost-B 1718"]
[Site "Germany"]
[Date "2018.04.15"]
[Round "11.8"]
[White "Heck, Norbert"]
[Black "Ortinau, Peter"]
[Result "1-0"]
[WhiteElo "2258"]
[BlackElo "2074"]
[PlyCount "67"]
[EventDate "2017.10.22"]
[EventType "team-tourn"]
[EventRounds "11"]
[EventCountry "GER"]
[SourceTitle "EXT 2019"]
[Source "ChessBase"]
[SourceDate "2018.10.10"]
[SourceVersion "1"]
[SourceVersionDate "2018.10.10"]
[SourceQuality "1"]
[WhiteTeam "Neuberg"]
[BlackTeam "Frankfurt TV"]
[WhiteTeamCountry "GER"]
[BlackTeamCountry "GER"]

1. Nf3 d5 2. c4 e6 3. g3 Nf6 4. Bg2 d4 5. 0-0 c5 6. e3 Nc6 7. exd4 cxd4 8. d3 Bd6 9. Re1 0-0 10. a3 a5 11. Bg5 h6 12. Bxf6 Qxf6 13. Nbd2 Qd8 14. Qc2 e5 15. Rab1 a4 16. Ne4 Bf5 17. Nxd6 Qxd6 18. Nd2 Qg6 19. Ne4 Rfe8 20. b4 axb3 21. Rxb3 Na5 22. Rb4 Kh7 23. Reb1 Bxe4 24. Bxe4 f5 25. Bd5 Ra6 26. Qb2 Re7 27. Rb5 Qd6 28. Qb4 Qxb4 29. R5xb4 Rc7 30. f3 Kg6 31. Ra4 Kh7 32. Rb5 Nc6 33. Rxa6 bxa6 34. Rc5 1-0

[Event "Hessenliga 1718"]
[Site "Hessen"]
[Date "2018.01.14"]
[Round "5.4"]
[White "Heck, Norbert"]
[Black "Roeschlau, Bernd"]
[Result "1-0"]
[WhiteElo "2258"]
[BlackElo "2222"]
[PlyCount "109"]
[EventDate "2017.09.17"]
[EventType "team-tourn"]
[EventRounds "9"]
[EventCountry "GER"]
[SourceTitle "CBM 189 Extra"]
[Source "ChessBase"]
[SourceDate "2019.06.03"]
[SourceVersion "1"]
[SourceVersionDate "2019.06.03"]
[SourceQuality "1"]
[WhiteTeam "Neuberg II"]
[BlackTeam "Frankfurt BvK"]
[WhiteTeamCountry "GER"]
[BlackTeamCountry "GER"]

1. Nf3 d5 2. d4 c6 3. c4 Nf6 4. Nc3 e6 5. g3 Nbd7 6. Bg2 Be7 7. 0-0 0-0 8. b3 b6 9. Qc2 Ba6 10. Nd2 Rc8 11. e4 e5 12. dxe5 Nxe5 13. exd5 cxd5 14. Qf5 Nc6 15. Nxd5 Nd4 16. Nxe7+ Qxe7 17. Qb1 Bb7 18. Bb2 Bxg2 19. Kxg2 Qb7+ 20. f3 Rcd8 21. Bxd4 Rxd4 22. Rf2 Re8 23. h3 h5 24. Qf5 Qc7 25. c5 Re5 26. cxb6 axb6 27. Qb1 h4 28. Qb2 Rd3 29. Rc1 Rc5 30. Rxc5 Qxg3+ 31. Kf1 bxc5 32. Rg2 Qf4 33. Qc2 Rd4 34. Re2 g6 35. Ke1 Rd5 36. Qc4 Qg3+ 37. Kd1 Qxf3 38. Qxh4 Rd4 39. Qxd4 Qh1+ 40. Re1 Qxe1+ 41. Kxe1 cxd4 42. Nf3 Nd5 43. Nxd4 Kg7 44. Kd2 Kf6 45. a4 Ke5 46. Kd3 Nf4+ 47. Kc4 Kd6 48. a5 Kc7 49. b4 Nxh3 50. b5 Kb7 51. b6 Ka6 52. Nb3 Kb7 53. Kb5 Nf4 54. a6+ Ka8 55. Nd4 1-0

[Event "Hessenliga 1718"]
[Site "Hessen"]
[Date "2017.09.17"]
[Round "1.4"]
[White "Heck, Norbert"]
[Black "Sunder, Thomas"]
[Result "1-0"]
[WhiteElo "2258"]
[BlackElo "2188"]
[PlyCount "101"]
[EventDate "2017.09.17"]
[EventType "team-tourn"]
[EventRounds "9"]
[EventCountry "GER"]
[SourceTitle "CBM 189 Extra"]
[Source "ChessBase"]
[SourceDate "2019.06.03"]
[SourceVersion "1"]
[SourceVersionDate "2019.06.03"]
[SourceQuality "1"]
[WhiteTeam "Neuberg II"]
[BlackTeam "Giessen"]
[WhiteTeamCountry "GER"]
[BlackTeamCountry "GER"]

1. Nf3 c5 2. c4 Nf6 3. g3 Nc6 4. Bg2 e5 5. 0-0 g6 6. Nc3 Bg7 7. d3 0-0 8. Bd2 d6 9. Rb1 Ne8 10. a3 a5 11. Nd5 Nc7 12. Nb6 Ra6 13. Nxc8 Qxc8 14. b4 cxb4 15. axb4 axb4 16. Bxb4 Nxb4 17. Rxb4 b5 18. cxb5 Rb6 19. Qb3 Qe6 20. Qxe6 fxe6 21. Ng5 d5 22. Rc1 Bh6 23. Rxc7 Bxg5 24. h4 Bf6 25. Bh3 Rfb8 26. Ra4 Re8 27. Raa7 h5 28. Rc6 Bd8 29. Rxb6 Bxb6 30. Ra6 Rb8 31. Bxe6+ Kf8 32. Bxd5 Ke7 33. Kg2 Kf6 34. Be4 g5 35. hxg5+ Kxg5 36. e3 Kf6 37. f4 exf4 38. gxf4 Ke7 39. Kf3 h4 40. Bf5 Kd8 41. d4 Kc7 42. Ra2 Rg8 43. Rc2+ Kb7 44. Bg4 Rh8 45. Bh3 Ra8 46. Kg4 Ra3 47. Re2 Rb3 48. Bg2+ Kb8 49. f5 Bd8 50. Bc6 Bf6 51. Kh5 1-0

[Event "GER CupT prel5"]
[Site "Kamen"]
[Date "2016.01.24"]
[Round "2.4"]
[White "Stewart, Neil"]
[Black "Heck, Norbert"]
[Result "0-1"]
[WhiteElo "2208"]
[BlackElo "2157"]
[PlyCount "188"]
[EventDate "2016.01.23"]
[EventType "team-k.o."]
[EventRounds "2"]
[EventCountry "GER"]
[SourceTitle "EXT 2017"]
[Source "ChessBase"]
[SourceDate "2016.10.25"]
[SourceVersion "1"]
[SourceVersionDate "2016.10.25"]
[SourceQuality "1"]
[WhiteTeam "Neuberg"]
[BlackTeam "Koblenz 25"]
[WhiteTeamCountry "GER"]
[BlackTeamCountry "GER"]

1. Nf3 Nf6 2. c4 g6 3. g3 Bg7 4. Bg2 0-0 5. 0-0 d6 6. d4 Nc6 7. Nc3 a6 8. b3 Rb8 9. Nd5 Bf5 10. Bb2 b5 11. Nh4 Bd7 12. Rc1 bxc4 13. Rxc4 Nxd5 14. Bxd5 Nb4 15. Bg2 c5 16. dxc5 Bxb2 17. Qd2 Bb5 18. Rxb4 dxc5 19. Qxd8 Rfxd8 20. Re4 e6 21. Nf3 Rd6 22. Rb1 Ba3 23. Ne5 Rbd8 24. Nd3 Kg7 25. Bf1 Rd4 26. Rxd4 Rxd4 27. Rd1 c4 28. bxc4 Rxc4 29. Rd2 Rc3 30. Kg2 Ba4 31. e3 a5 32. Ne5 Rc2 33. Rxc2 Bxc2 34. Bb5 Bb2 35. Nc4 Bc3 36. a4 e5 37. f4 e4 38. g4 f6 39. Bc6 Bb4 40. Kf2 Kf7 41. g5 fxg5 42. fxg5 Ke6 43. h4 Bc3 44. Kg3 Bd3 45. Nb6 Be5+ 46. Kf2 Kd6 47. Be8 Ke7 48. Bc6 Ke6 49. Bd7+ Ke7 50. Bc6 Bg7 51. Bd5 Bc3 52. Bg8 Kf8 53. Bd5 Bc2 54. Nd7+ Ke7 55. Nb6 Bb4 56. Bc6 Kd6 57. Bb5 Bb3 58. Ke2 Ke6 59. Bd7+ Ke5 60. Bc6 Bd6 61. Kf2 Kf5 62. Nd7 Be7 63. Kg3 Bd6+ 64. Kf2 Kg4 65. Nf6+ Kxh4 66. Nxh7 Bg3+ 67. Ke2 Bg8 68. Nf6 Bc4+ 69. Kd2 Kxg5 70. Nxe4+ Kh4 71. Nxg3 Kxg3 72. Kc3 Be6 73. e4 Kf4 74. Kd4 g5 75. e5 g4 76. Kc5 Kxe5 77. Kb6 Bd5 78. Bd7 Be6 79. Bc6 g3 80. Bg2 Kd4 81. Kxa5 Bd5 82. Bh3 Ke3 83. Kb6 Kf2 84. a5 Be6 85. Bxe6 g2 86. a6 g1Q 87. a7 Qb1+ 88. Kc7 Qc2+ 89. Kb8 Qb2+ 90. Bb3 Qe5+ 91. Kb7 Qb5+ 92. Kc7 Qa6 93. Kb8 Qb6+ 94. Ka8 Qc7 0-1

[Event "Karl Mala Memorial op-A 17th"]
[Site "Frankfurt"]
[Date "2014.08.01"]
[Round "2"]
[White "Heck, Norbert"]
[Black "Kuhn, Gerhard"]
[Result "1-0"]
[WhiteElo "2239"]
[BlackElo "2023"]
[PlyCount "141"]
[EventDate "2014.07.31"]
[EventType "swiss"]
[EventRounds "7"]
[EventCountry "GER"]
[SourceTitle "EXT 2015"]
[Source "ChessBase"]
[SourceDate "2014.11.20"]
[SourceVersion "1"]
[SourceVersionDate "2014.11.20"]
[SourceQuality "1"]

1. Nf3 Nf6 2. c4 g6 3. g3 Bg7 4. Bg2 d5 5. 0-0 0-0 6. d4 Nc6 7. cxd5 Nxd5 8. Nc3 Nb6 9. e3 e5 10. d5 Na5 11. e4 c6 12. dxc6 Nxc6 13. Bg5 Qxd1 14. Raxd1 Bg4 15. h3 Bxf3 16. Bxf3 Nd4 17. Bg2 Rfe8 18. Nd5 Nxd5 19. exd5 h6 20. Be3 Red8 21. Kh2 Rac8 22. Rc1 Bf8 23. Rfd1 Rxc1 24. Rxc1 Nb5 25. a4 Nd6 26. Rc7 a6 27. b4 Rb8 28. Bb6 Ne8 29. Rd7 Nf6 30. Rc7 Bxb4 31. Ba7 Rd8 32. Rxb7 a5 33. Bb6 Rd7 34. Rb8+ Kg7 35. Ra8 Nxd5 36. Bxa5 Bc5 37. Rd8 Nf6 38. Rxd7 Nxd7 39. Bc6 Nb6 40. Bc3 f6 41. Kg2 Nc4 42. a5 Nd6 43. a6 Nf5 44. Ba5 Ba7 45. Bc7 Nd4 46. Bb7 Ne6 47. Bd6 Nd4 48. f4 exf4 49. Bxf4 g5 50. Bd6 f5 51. Be5+ Kg6 52. Bd5 h5 53. h4 gxh4 54. gxh4 Nb5 55. Kg3 Nd4 56. Bc4 Nc6 57. Bc3 Nd4 58. Kf4 Nc6 59. Bb5 Nd4 60. Be8+ Kh6 61. Ke5 Nf3+ 62. Kxf5 Nxh4+ 63. Ke4 Ng6 64. Bd4 Bb8 65. Bd7 Kg5 66. Kd5 Ne7+ 67. Ke6 Nf5 68. Bc5 h4 69. Bc6 h3 70. Kd7 Kf6 71. Kc8 1-0

[Event "Dortmund Sparkassen op-A"]
[Site "Dortmund"]
[Date "2013.08.02"]
[Round "7"]
[White "Michalczak, Thomas"]
[Black "Heck, Norbert"]
[Result "1-0"]
[WhiteElo "2299"]
[BlackElo "2280"]
[PlyCount "59"]
[EventDate "2013.07.27"]
[EventType "swiss"]
[EventRounds "9"]
[EventCountry "GER"]
[SourceTitle "CBM 155 Extra"]
[Source "ChessBase"]
[SourceDate "2013.08.26"]
[SourceVersion "1"]
[SourceVersionDate "2013.08.26"]
[SourceQuality "1"]

1. e4 g6 2. d4 Bg7 3. Nc3 d6 4. Bg5 a6 5. Nf3 b5 6. Bd3 Nd7 7. a4 b4 8. Ne2 c5 9. c3 bxc3 10. bxc3 Qc7 11. 0-0 Ngf6 12. Ng3 0-0 13. Qd2 Bb7 14. Rfe1 e5 15. d5 c4 16. Bc2 Kh8 17. h4 Ng4 18. Qe2 f6 19. Bc1 Rac8 20. h5 Nh6 21. hxg6 hxg6 22. Nh4 Kh7 23. Nxg6 Kxg6 24. Qh5+ Kh7 25. Bxh6 Bxh6 26. Nf5 Nc5 27. Qxh6+ Kg8 28. Qg6+ Kh8 29. Re3 Qh7 30. Rh3 1-0

[Event "Dortmund Sparkassen op-A"]
[Site "Dortmund"]
[Date "2013.07.29"]
[Round "3"]
[White "Heck, Norbert"]
[Black "Carrasco, Paul"]
[Result "1-0"]
[WhiteElo "2280"]
[BlackElo "2034"]
[PlyCount "89"]
[EventDate "2013.07.27"]
[EventType "swiss"]
[EventRounds "9"]
[EventCountry "GER"]
[SourceTitle "CBM 155 Extra"]
[Source "ChessBase"]
[SourceDate "2013.08.26"]
[SourceVersion "1"]
[SourceVersionDate "2013.08.26"]
[SourceQuality "1"]

1. c4 e5 2. g3 Nf6 3. Bg2 c6 4. Nf3 e4 5. Ng5 d5 6. cxd5 cxd5 7. 0-0 Nc6 8. d4 Qb6 9. Nc3 Be7 10. Nh3 0-0 11. Nf4 Rd8 12. e3 Bg4 13. f3 exf3 14. Bxf3 Be6 15. Bd2 Rac8 16. Na4 Qc7 17. Rc1 b6 18. Qe2 Qd7 19. Nc3 Na5 20. Rfd1 Nc4 21. Be1 Na5 22. Bf2 Bf8 23. Kg2 Nc6 24. h3 Ne7 25. g4 Ng6 26. Bg3 Nxf4+ 27. exf4 g6 28. Kh2 Bg7 29. Bh4 Re8 30. Qg2 Qd6 31. Bg3 Qb4 32. a3 Qb3 33. f5 gxf5 34. gxf5 Bxf5 35. Be5 Bg6 36. Bxf6 Bxf6 37. Bxd5 Rxc3 38. Bxb3 Rxb3 39. Rc3 Rb5 40. b4 Rd8 41. Qf1 Rf5 42. Rf3 Rxf3 43. Qxf3 Kg7 44. Qf4 Rd5 45. Qc7 1-0

[Event "Karl Mala Memorial op-A 16th"]
[Site "Frankfurt"]
[Date "2013.07.13"]
[Round "4"]
[White "Heck, Norbert"]
[Black "Mertens, Klaus"]
[Result "0-1"]
[WhiteElo "2282"]
[BlackElo "2051"]
[PlyCount "150"]
[EventDate "2013.07.11"]
[EventType "swiss"]
[EventRounds "7"]
[EventCountry "GER"]
[SourceTitle "EXT 2014"]
[Source "ChessBase"]
[SourceDate "2013.11.20"]
[SourceVersion "1"]
[SourceVersionDate "2013.11.20"]
[SourceQuality "1"]

1. Nf3 Nf6 2. c4 c5 3. g3 b6 4. Bg2 Bb7 5. Nc3 g6 6. 0-0 Bg7 7. Re1 d6 8. e4 Nfd7 9. d4 cxd4 10. Nxd4 0-0 11. e5 Nc5 12. Bxb7 Nxb7 13. Qf3 Qd7 14. exd6 e5 15. Ndb5 Nc6 16. Nd5 Nxd6 17. Nf6+ Bxf6 18. Qxf6 Ne8 19. Qf3 f6 20. Bh6 Rf7 21. Rad1 Qc8 22. Nd6 Nxd6 23. Rxd6 Nd4 24. Qd5 Nf5 25. Rxf6 Nxh6 26. Rxe5 Qf8 27. Rd6 Rc8 28. b4 Kg7 29. Qd4 Rxc4 30. Rxg6+ hxg6 31. Qxc4 Rxf2 32. Qd4 Rf1+ 33. Kg2 Rf2+ 34. Kg1 Rf1+ 35. Kg2 Qf2+ 36. Qxf2 Rxf2+ 37. Kxf2 Ng4+ 38. Kf3 Nxe5+ 39. Ke4 Nc6 40. a3 Kf6 41. Kd5 Ne5 42. b5 Kf5 43. h3 Nf3 44. a4 Nd2 45. Kd4 Nb3+ 46. Kd5 Nd2 47. Kd4 Kg5 48. Kd5 Kf5 49. Kd4 Ne4 50. g4+ Kf4 51. h4 Kxg4 52. Kxe4 Kxh4 53. Kd5 g5 54. Kc6 g4 55. Kb7 g3 56. Kxa7 g2 57. Kxb6 g1Q+ 58. Ka6 Qf1 59. a5 Kg5 60. Kb6 Qf6+ 61. Kb7 Qe7+ 62. Ka6 Qe2 63. Kb6 Qe3+ 64. Ka6 Qd3 65. Kb6 Qd4+ 66. Kb7 Qd7+ 67. Ka6 Qc8+ 68. Ka7 Qc7+ 69. Ka6 Kf6 70. b6 Qb8 71. b7 Ke6 72. Kb6 Kd7 73. a6 Kd6 74. a7 Qc7+ 75. Ka6 Qc6+ 0-1